[Event "NOR-ch Women 2020"]
[Site "Bergen"]
[Date "2020.02.29"]
[Round "2.3"]
[White "Kvendseth, Thyra"]
[Black "Skaslien, Ingrid"]
[Result "1/2-1/2"]
[WhiteElo "1889"]
[BlackElo "1847"]
[Annotator "NA RC"]
[PlyCount "153"]
[EventDate "2020.02.28"]
[EventType "swiss"]
[EventCountry "NOR"]
[SourceTitle "playchess.com"]
[Source "ChessBase"]
[SourceQuality "1"]
[TimeControl "5400+30"]

1. c4 {[%emt 0:00:00]} c6 {[%emt 0:00:00]} 2. Nc3 {[%emt 0:01:42]} d5 {[%emt 0:01:23]} 3. cxd5 {[%emt 0:03:10]} cxd5 {[%emt 0:00:12]} 4. d4 {[%emt 0:01:45]} e6 {[%emt 0:01:44]} 5. Nf3 {[%emt 0:03:43]} Nc6 {[%emt 0:01:32]} 6. Bf4 {[%emt 0:04:31]} Nf6 {[%emt 0:06:49]} 7. e3 {[%emt 0:03:58]} a6 {[%emt 0:03:49]} 8. Rc1 {[%emt 0:06:21]} Bd7 {[%emt 0:04:55]} 9. Bd3 {[%emt 0:02:26] D13: Slav Defence: Exchange variation without ...Bf5.} Be7 {[%emt 0:07:08]} 10. O-O {[%emt 0:04:47]} Nh5 {[%emt 0:14:02]} 11. Be5 {[%emt 0:04:57]} O-O {[%emt 0:04:41]} 12. Nd2 {[%emt 0:22:51]} g6 {[%emt 0:03:18] [#]} 13. g4 $146 {[%emt 0:03:45]} ({Predecessor:} 13. Bg3 Nxg3 14. hxg3 b5 15. Nb3 Rc8 16. e4 dxe4 17. Bxe4 Bg5 18. Rc2 Nb4 19. Re2 {½-½ (42) Mladenov,I (2222)-Vasilev,M (2429) Sunny Beach 2006}) 13... Nxe5 {[%emt 0:02:19]} 14. dxe5 {[%emt 0:01:56]} Ng7 {[%emt 0:00:07]} 15. Nb3 {[%emt 0:04:12]} Qb8 {[%emt 0:08:42]} 16. f4 {[%emt 0:00:42]} f6 {[%emt 0:01:41]} 17. exf6 {[%emt 0:00:40]} Bxf6 {[%emt 0:00:24]} 18. Nc5 {[%emt 0:03:34]} Bc6 {[%emt 0:01:06]} 19. g5 {[%emt 0:02:51]} (19. Qd2 $15) 19... Be7 {[%emt 0:01:56]} 20. Nb3 {[%emt 0:00:55]} Qa7 {[%emt 0:03:07]} 21. Qe2 {[%emt 0:01:02]} ({Only move:} 21. Nd4 $15) 21... e5 {[%emt 0:01:03]} ({Black should try} 21... Nh5 $17 22. Rf2 {[#]} e5 $1 {[%mdl 512]} 23. fxe5 Rxf2 24. Qxf2 Rf8) 22. fxe5 {[%emt 0:03:55]} Bxg5 {[%emt 0:00:34]} 23. Nd4 {[%emt 0:01:23]} Rfe8 {[%emt 0:05:30]} 24. Qf3 {[%emt 0:00:32]} Rf8 {[%emt 0:00:35]} ({Black should try} 24... Qb8 $1 $15) 25. Qg3 {[%emt 0:00:35]} Bh6 {[%emt 0:03:38]} 26. Qh3 {[%emt 0:01:20]} Bg5 {[%emt 0:00:59]} 27. Qg3 {[%emt 0:01:34]} Bh6 {[%emt 0:01:18]} 28. Rce1 {[%emt 0:03:16]} Nh5 {[%emt 0:01:42]} 29. Qg4 {[%emt 0:00:55]} Rxf1+ {[%emt 0:00:51]} 30. Bxf1 {[%emt 0:00:56]} Rf8 {[%emt 0:04:30]} 31. Bg2 {[%emt 0:01:10]} Qc5 {[%emt 0:02:38]} 32. Ne6 {[%emt 0:03:50]} Bd7 {[%emt 0:02:14]} 33. Nxc5 {[%emt 0:00:07]} Bxg4 {[%emt 0:00:05]} 34. Bxd5+ {[%emt 0:00:05]} Kh8 {[%emt 0:02:51]} 35. Bxb7 {[%emt 0:00:51]} Re8 {[%emt 0:00:41]} 36. Nd3 {[%emt 0:01:22]} ({But not} 36. Bxa6 Rxe5 37. N5e4 Bf5 $16) 36... a5 {[%emt 0:02:13]} 37. Ne4 {[%emt 0:01:26]} Re7 {[%emt 0:02:03]} 38. Nd6 {[%emt 0:00:39]} Ng7 {[%emt 0:01:08]} 39. Nf4 {[%emt 0:00:57]} Nf5 {[%emt 0:00:57]} 40. Bc6 {[%emt 0:04:19]} Nxe3 {[%emt 0:00:56]} 41. Rxe3 {[%emt 0:00:12]} Bxf4 {[%emt 0:00:05]} 42. Re4 {[%emt 0:00:54]} g5 {[%emt 0:00:58]} 43. Bd5 {[%emt 0:00:38]} Kg7 {[%emt 0:00:34]} 44. Nc4 {[%emt 0:00:20]} Bf3 {[%emt 0:01:44]} 45. Rd4 {[%emt 0:00:40]} Rd7 {[%emt 0:01:01]} 46. Rxf4 {[%emt 0:00:30]} Bxd5 {[%emt 0:00:12]} 47. Rd4 {[%emt 0:00:09]} Rc7 {[%emt 0:01:12]} 48. Rxd5 {[%emt 0:00:52]} Rxc4 {[%emt 0:00:05]} 49. Rb5 {[%emt 0:00:35]} a4 {[%emt 0:01:17]} 50. Kf2 {[%emt 0:00:24]} a3 {[%emt 0:00:30]} 51. bxa3 {[%emt 0:00:17]} Rc2+ {[%emt 0:00:04]} 52. Kg3 {[%emt 0:00:07]} Rxa2 {[%emt 0:00:04]} 53. Rb3 {[%emt 0:00:09]} Re2 {[%emt 0:00:18]} 54. Rb5 {[%emt 0:00:15]} Re3+ {[%emt 0:02:08]} 55. Kg4 {[%emt 0:00:06]} h6 {[%emt 0:00:52]} 56. Ra5 {[%emt 0:01:03]} Kf7 $11 {[%emt 0:00:44]} (56... Kg6 $5 57. Ra6+ $8 Kg7 $14) 57. h3 {[%emt 0:01:45]} Ke6 {[%emt 0:00:08]} 58. Ra6+ {[%emt 0:00:06]} Kxe5 {[%emt 0:00:09]} 59. Rxh6 {[%emt 0:00:07]} Rxa3 {[%emt 0:00:03]} 60. Rg6 {[%emt 0:00:17]} Ra1 {[%emt 0:00:41]} 61. Kxg5 {[%emt 0:00:11]} Rg1+ {[%emt 0:00:29]} 62. Kh5 {[%emt 0:00:15]} Rh1 {[%emt 0:00:28]} 63. h4 {[%emt 0:00:04]} Kf5 {[%emt 0:00:17]} 64. Rg8 {[%emt 0:00:38]} Kf6 {[%emt 0:00:08]} 65. Rg2 {[%emt 0:00:13]} Rf1 {[%emt 0:00:40]} 66. Kh6 {[%emt 0:00:13]} Kf7 {[%emt 0:00:41]} 67. h5 {[%emt 0:00:14]} Re1 {[%emt 0:00:35]} 68. Rg4 {[%emt 0:00:26]} Re5 {[%emt 0:00:31]} 69. Rg7+ {[%emt 0:00:43]} Kf6 {[%emt 0:00:48]} 70. Rb7 {[%emt 0:00:32]} Rd5 {[%emt 0:00:28]} 71. Rb6+ {[%emt 0:01:24]} Kf7 {[%emt 0:00:09]} 72. Rb2 {[%emt 0:00:41]} Kg8 {[%emt 0:01:08]} 73. Rb7 {[%emt 0:01:05]} Rd6+ {[%emt 0:00:36]} 74. Kg5 {[%emt 0:00:05]} Rd5+ {[%emt 0:00:36]} 75. Kf6 {[%emt 0:00:28]} Rd6+ {[%emt 0:00:13]} 76. Kg5 {[%emt 0:00:49]} Rd5+ {[%emt 0:00:06]} 77. Kf6 {[%emt 0:00:04]} 1/2-1/2

[Event "NOR-ch Women 2020"]
[Site "Bergen"]
[Date "2020.02.29"]
[Round "2.4"]
[White "Johnsen, Sylvia"]
[Black "Mork, Ramona"]
[Result "1-0"]
[WhiteElo "1862"]
[BlackElo "1750"]
[Annotator "NA RC"]
[PlyCount "117"]
[EventDate "2020.02.28"]
[EventType "swiss"]
[EventCountry "NOR"]
[SourceTitle "playchess.com"]
[Source "ChessBase"]
[SourceQuality "1"]
[TimeControl "5400+30"]

{[%evp 8,77,10,11,10,12,20,10,37,16,0,-1,12,18,15,12,12,12,25,19,19,21,24,10,12,0,24,12,30,0,6,-53,115,73,132,0,0,32767,32767,32767,32767,32767,32767,32767,223,288,222,227,324,215,226,224,270,277,267,293,258,300,257,306,475,333,437,32767,32767,32767,32767,32767,32767,740,1183,1414]} 1. c4 {[%emt 0:00:00]} Nf6 {[%emt 0:00:00]} 2. Nc3 {[%emt 0:00:00]} e5 {[%emt 0:01:51]} 3. g3 {[%emt 0:00:05]} Bc5 {[%emt 0:02:07]} 4. Bg2 {[%emt 0:01:03]} Nc6 {[%emt 0:01:18]} 5. d3 {[%emt 0:01:18]} h6 {[%emt 0:02:10]} 6. e3 {[%emt 0:02:16] A25: English Opening vs King's Indian with ...Nc6 but without early d3.} O-O {[%emt 0:02:05]} 7. Nge2 {[%emt 0:00:08] [#]} Ne7 $146 {[%emt 0:02:47]} ({Predecessor:} 7... Re8 8. O-O Bf8 9. h3 d6 10. e4 Nd4 11. Nxd4 exd4 12. Ne2 c5 13. b4 Nd7 {1-0 (57) Bartel,M (2599)-Sagit,R (2404) Plovdiv 2010}) 8. d4 {[%emt 0:02:39]} exd4 $1 {[%emt 0:00:43]} 9. exd4 {[%emt 0:00:14]} Bb4 {[%emt 0:04:34]} 10. O-O {[%emt 0:01:39]} Bxc3 {[%emt 0:01:01]} 11. Nxc3 {[%emt 0:00:30]} d5 {[%emt 0:06:48]} 12. c5 {[%emt 0:09:04]} c6 {[%emt 0:00:00]} 13. b4 {[%emt 0:02:07]} Bf5 {[%emt 0:00:58]} 14. Re1 {[%emt 0:06:23]} Qd7 {[%emt 0:04:11]} 15. a4 {[%emt 0:01:32]} Rfe8 {[%emt 0:01:37]} 16. b5 {[%emt 0:07:14]} Ng6 {[%emt 0:05:03]} 17. Be3 {[%emt 0:06:10]} Re7 {[%emt 0:04:01]} 18. Qb3 {[%emt 0:07:49]} Rae8 {[%emt 0:03:33]} 19. a5 {[%emt 0:04:59]} (19. Bd2 $11) 19... Ng4 $2 {[%emt 0:05:56] [#]} (19... Bh3 $1 $15 {keeps the upper hand.} 20. Bh1 a6 21. bxc6 bxc6) 20. Bd2 {[%emt 0:06:27]} (20. a6 $142 $1) 20... h5 {[%emt 0:06:55] [#]} (20... Bd3 $14) 21. h4 $2 {[%emt 0:02:59]} (21. a6 $1 $18) 21... Rxe1+ {[%emt 0:10:49]} 22. Rxe1 {[%emt 0:00:10]} Rxe1+ {[%emt 0:00:09]} 23. Bxe1 {[%emt 0:00:11]} Qe7 {[%emt 0:00:52]} 24. Bd2 {[%emt 0:01:35]} Nxh4 {[%emt 0:05:02]} 25. bxc6 {[%emt 0:01:20]} bxc6 {[%emt 0:02:05]} 26. Qb8+ {[%emt 0:01:59]} ({But not} 26. gxh4 $6 Qc7 $18) 26... Kh7 {[%emt 0:00:06]} 27. gxh4 {[%emt 0:00:26]} Qxh4 {[%emt 0:00:18]} 28. Qg3 {[%emt 0:00:29]} Qf6 {[%emt 0:02:26]} 29. Ne2 {[%emt 0:01:19]} h4 {[%emt 0:02:02]} 30. Qf4 {[%emt 0:01:37]} Nh6 {[%emt 0:03:57]} 31. Qg5 {[%emt 0:03:17]} Qxg5 {[%emt 0:04:32]} 32. Bxg5 {[%emt 0:00:10]} h3 {[%emt 0:00:16]} 33. Bf1 {[%emt 0:05:51]} Ng8 {[%emt 0:06:07]} (33... Bd3 $142 34. Bxh6 Kxh6) 34. Kh2 {[%emt 0:00:34]} f6 {[%emt 0:00:46]} 35. Bf4 {[%emt 0:01:52]} Ne7 {[%emt 0:01:42]} 36. Bb8 {[%emt 0:01:41]} Bd3 {[%emt 0:02:14]} 37. Bxa7 {[%emt 0:03:09]} g5 {[%emt 0:01:34]} 38. Kxh3 {[%emt 0:04:49]} Nf5 $18 {[%emt 0:00:37]} 39. Ng3 {[%emt 0:00:53]} Bxf1+ {[%emt 0:00:17]} 40. Nxf1 {[%emt 0:00:07]} Nxd4 {[%emt 0:00:03]} 41. Bb6 {[%emt 0:00:27]} Nb5 {[%emt 0:00:24]} 42. a6 {[%emt 0:00:07]} Kg6 {[%emt 0:00:45]} 43. a7 {[%emt 0:00:15]} Nxa7 {[%emt 0:00:05]} 44. Bxa7 {[%emt 0:00:02]} Kf5 {[%emt 0:00:09]} 45. Kg3 {[%emt 0:02:11]} Ke4 {[%emt 0:00:39]} 46. f3+ {[%emt 0:00:54]} Kd3 {[%emt 0:00:29]} 47. Kf2 {[%emt 0:00:11]} d4 {[%emt 0:01:02]} 48. Ng3 {[%emt 0:02:36]} Kc2 {[%emt 0:01:05]} 49. Nf5 {[%emt 0:01:20]} d3 {[%emt 0:00:46]} 50. Bb6 {[%emt 0:01:00]} Kc3 {[%emt 0:02:31]} 51. Bd8 {[%emt 0:01:40]} Kc4 {[%emt 0:01:07]} 52. Bxf6 {[%emt 0:01:19]} Kxc5 {[%emt 0:00:12]} 53. Ke3 {[%emt 0:00:24]} Kc4 {[%emt 0:00:44]} 54. Kd2 {[%emt 0:00:26]} Kd5 {[%emt 0:00:50]} 55. Bxg5 {[%emt 0:00:09]} Ke5 {[%emt 0:00:39]} 56. Ne3 {[%emt 0:00:20]} c5 {[%emt 0:00:20]} 57. Kxd3 {[%emt 0:00:10]} Ke6 {[%emt 0:00:30]} 58. f4 {[%emt 0:00:11]} Kf7 {[%emt 0:00:25]} 59. Kc4 {[%emt 0:00:05]} 1-0

[Event "NOR-ch Women 2020"]
[Site "Bergen"]
[Date "2020.02.29"]
[Round "2.5"]
[White "Hagesather, Nina"]
[Black "Dolzhikova, Olga"]
[Result "0-1"]
[WhiteElo "1996"]
[BlackElo "2149"]
[Annotator "TA"]
[PlyCount "116"]
[EventDate "2020.02.28"]
[EventType "swiss"]
[EventCountry "NOR"]
[SourceTitle "playchess.com"]
[Source "ChessBase"]
[SourceQuality "1"]

{[%evp 9,116,26,35,34,32,24,37,23,38,18,30,12,35,22,26,10,6,13,45,28,39,44,43,46,75,-28,-29,-25,-15,-24,-19,-32,-24,-74,-89,-108,-83,-104,-84,-141,-11,-133,0,-44,0,0,0,12,15,-99,-93,-145,689,631,1202,-157,-47,-233,-32,-124,0,0,0,0,350,0,2,-372,-356,-431,-420,-394,-350,-326,-322,-429,-318,-424,-421,-383,-289,-597,-600,-599,-593,-628,-625,-599,-577,-715,-700,-705,-594,-637,-561,-557,-519,-924,-889,-1554,-1524,-5197,-2675,-5077,-4955,-4134,-4289,-2095,-1943]} 1. Nf3 e6 2. g3 b6 3. Bg2 Bb7 4. d3 f5 5. c4 Nf6 6. Nc3 {A04: Unusual lines after 1 Nf3 and King's Indian Attack.} Be7 7. a3 a5 8. O-O {White is slightly better.} Na6 9. Rb1 O-O 10. Re1 {[#]} Qe8 $146 ({Predecessor:} 10... Rb8 11. Bd2 c5 12. Nb5 Nc7 13. b4 Nxb5 14. cxb5 axb4 15. axb4 d6 16. bxc5 bxc5 {½-½ (40) Studenovsky,J (1233)-Levinsky,L (1515) Klatovy 2018}) 11. e3 Rd8 12. Nd4 Bxg2 13. Kxg2 Ng4 14. h3 Ne5 15. f4 Nc6 16. Nf3 Bf6 17. e4 (17. d4 $16) 17... Bxc3 $1 $11 18. bxc3 fxe4 19. Rxe4 Nc5 $36 {[%mdl 2048] Black is more active.} 20. Re3 $1 Ne7 21. Nh4 d5 22. Qe2 Qc6 {And now ...dxc4+ would win.} 23. Kh2 Qa4 24. Bb2 (24. d4 $142 Ne4 25. Nf3) 24... Rd7 (24... dxc4 $17 25. dxc4 Nf5 26. Nxf5 exf5) 25. Re1 (25. cxd5 $11 {keeps the balance.} Nxd5 26. Rf3) 25... Qb3 (25... dxc4 $17 26. dxc4 Nf5 27. Nxf5 exf5) 26. Rxe6 (26. d4 {is more complex.} Na4 27. Ba1 Qxc4 28. Qg4 Nf5 29. Rxe6 Nxh4 30. gxh4 Rdf7 31. Re7) 26... Nxd3 27. Qxd3 Qxb2+ 28. R1e2 Qxa3 29. cxd5 (29. Nf3 $11 {remains equal.}) 29... Nxd5 $17 30. Qb5 ({White should try} 30. Re8) 30... Rfd8 $2 {[%mdl 8192]} (30... Rdd8 $17 31. Re8 Nxc3 32. Qc4+ Nd5 33. Rxd8 Rxd8) 31. Re8+ $18 Kf7 {Black wants to play ...Qc5.} 32. c4 $2 (32. Nf3 $18 {White threatens Ng5+ and mate.} h6 33. Rh8 $3 {[%mdl 512]}) 32... Qd3 (32... Qb4 $17 {White must now prevent ...Qxb5.} 33. Nf3 (33. Qc6 $2 Rd6 $19) 33... Qxb5 34. Ng5+ Kg6 35. R8e6+ Nf6 36. cxb5 Rd2) 33. R8e5 $2 ({Better is} 33. R8e6 $15) 33... Nf6 $2 (33... Nc3 $19 34. Qc6 Nxe2 35. Qe6+ Kf8 36. Rf5+ Qxf5 $1 {[%mdl 576] Remove Defender, Deflection} 37. Qxf5+ Kg8 38. Qe6+ Kh8) 34. Nf5 (34. R5e3 $15 Qd1 35. Nf3) 34... Re8 ({Black should play} 34... Qf3 $17 {aiming for ...Rd1.} 35. Nd4 Qf1) 35. Rxe8 $11 Nxe8 36. Qe5 Nf6 $2 {[%mdl 8192] [#]} (36... Rd8 $1 $11) 37. Qe6+ $2 (37. g4 $1 $18 {[%cal Rg4g5]} Kg6 38. Nh4+ Kf7 39. g5) 37... Kf8 38. Ne7 $2 {[%mdl 8192]} (38. g4 $1 $11 {and White stays safe.} Qf3 39. Qe5) 38... Qd6 $19 39. Nc6 Qxe6 40. Rxe6 Rd6 41. Rxd6 cxd6 {[%mdl 4096] Endgame KN-KN} 42. Nd4 Ne4 43. Nb5 Ke7 44. Kg2 Kd7 45. Na3 $2 (45. Kf3 {is a better chance.} Nd2+ {[%mdl 64] Double Attack} 46. Ke3 Nxc4+ 47. Kd4) 45... Kc6 {Black is clearly winning.} 46. Kf3 Nf6 47. g4 Kc5 48. g5 Ne8 49. f5 Kb4 50. Nc2+ Kxc4 51. h4 Kd5 52. Kf4 b5 53. h5 (53. Ke3 $142 a4 54. Kd3) 53... h6 54. Ne3+ Kd4 55. gxh6 gxh6 56. Ng4 Ng7 57. Nxh6 Nxh5+ 58. Kg5 Ng3 {Never resign too early! Accuracy: White = 32%, Black = 57%.} 0-1

[Event "NOR-ch Women 2020"]
[Site "Bergen"]
[Date "2020.02.29"]
[Round "2.6"]
[White "Hansen, Erle Andrea Marki"]
[Black "Kyrkjebo, Hanna B."]
[Result "1/2-1/2"]
[WhiteElo "1860"]
[BlackElo "1957"]
[Annotator "TA"]
[PlyCount "96"]
[EventDate "2020.02.28"]
[EventType "swiss"]
[EventCountry "NOR"]
[SourceTitle "playchess.com"]
[Source "ChessBase"]
[SourceQuality "1"]

{[%evp 17,96,-7,-5,-41,-23,-35,0,-37,-62,-56,-57,-76,-71,-52,-58,-103,-62,-96,-33,-15,25,22,61,65,65,0,0,-22,0,0,14,-43,-27,-43,-34,-67,-75,-97,-33,-73,0,0,0,-1,0,0,0,0,0,-62,-62,-168,-32,-262,-238,-305,-56,-60,-60,-57,-60,-61,-58,-58,-58,-61,0,-16,0,0,0,-17,0,0,0,0,0,0,0,0,1]} 1. d4 Nf6 2. c4 e6 3. Nf3 d5 4. g3 Be7 5. Bg2 O-O 6. O-O dxc4 7. Qa4 a6 8. Qxc4 b5 9. Qc2 Bb7 10. a3 {E05: Open Catalan: 5 Nf3 Be7.} Nbd7 11. b4 Nb6 12. Nbd2 a5 13. bxa5 Rxa5 14. Nb3 {[#]} Be4 $146 ({Predecessor:} 14... Ra4 15. Nc5 Bxf3 16. Bxf3 Rc4 17. Qb3 Qxd4 18. Be3 Qc3 19. Qxc3 Rxc3 20. Na6 Nfd5 {0-1 (51) Poschmann,J (1813)-Tremblay,A (2093) Montreal 2009}) 15. Qc3 Ra7 16. Ne5 {Bxe4 is the strong threat.} Bxg2 17. Kxg2 Qd5+ (17... Qa8+ $17 18. f3 Nfd5) 18. f3 $15 {Threatens to win with Nc6.} Nc4 19. e4 Qa8 20. Nxc4 bxc4 21. Nd2 (21. Qxc4 $14 Bxa3 22. Bxa3 Rxa3 23. Qc3) 21... Ra4 $11 22. Bb2 Qa6 23. Rfc1 {[%cal Rd2c4]} c5 24. dxc5 (24. Nxc4 $11 Rc8 25. d5) 24... Rc8 $15 25. Rc2 Bxc5 26. Kh1 Bf8 27. Kg2 Qb5 (27... Nd7 $17 28. Rac1 h6) 28. Qe5 Qxe5 (28... Qb7 $17 {aiming for ...c3!} 29. Qc3 Nd7) 29. Bxe5 $11 Nd7 30. Bd4 e5 ({Avoid the trap} 30... Bxa3 $2 31. Nb1 $18) 31. Bf2 c3 $36 {[%mdl 2048] Black is pushing.} 32. Nb1 {[#]} Bb4 $1 {[%mdl 512]} 33. Be1 (33. Nxc3 $11 Rxa3 34. Nb5 Rxc2 35. Nxa3) (33. axb4 Rxa1) 33... Ba5 $1 $15 34. Nd2 {[#]} (34. Kf1 $15) 34... Rb8 (34... Nc5 $1 $19 35. Nf1 Nb3) 35. Nf1 $2 ({White has to play} 35. Rb1 $15) 35... Rb2 $19 36. Ne3 {[#]} Nb6 $2 (36... Bb6 $1 $19 {[%cal Rb6e3]} 37. Bxc3 Rxc2+ {[%mdl 64] Overworked Piece} 38. Nxc2 Rc4) 37. Rac1 Rxa3 38. Nd1 Rxc2+ $1 39. Rxc2 {[%cal Re1c3]} Na4 40. Kf1 Ra1 41. Ke2 {[%cal Re1c3]} Ra3 (41... h5 $15) 42. Ne3 {The position is equal.} Nb6 43. Nd1 Na4 44. Ne3 {Hoping for Nc4.} Nb6 45. Nd1 f6 46. Bxc3 Bxc3 47. Nxc3 Rb3 48. Nd1 Kf7 {Accuracy: White = 62%, Black = 63%.} 1/2-1/2

[Event "NOR-ch Women 2020"]
[Site "Bergen"]
[Date "2020.02.29"]
[Round "3.1"]
[White "Machlik, Monika"]
[Black "Stanford, Sheila Barth"]
[Result "0-1"]
[WhiteElo "2106"]
[BlackElo "2145"]
[Annotator "ChessBase"]
[PlyCount "166"]
[EventDate "2020.02.28"]
[EventType "swiss"]
[EventCountry "NOR"]
[SourceTitle "playchess.com"]
[Source "ChessBase"]
[SourceQuality "1"]
[TimeControl "5400+30"]

1. d4 {[%emt 0:00:00]} Nf6 {[%emt 0:02:59]} 2. c4 {[%emt 0:00:00]} g6 {[%emt 0:00:06]} 3. Nc3 {[%emt 0:00:15]} d5 {[%emt 0:00:09]} 4. cxd5 {[%emt 0:14:49]} Nxd5 {[%emt 0:00:06]} 5. Na4 {[%emt 0:00:11]} Bg7 {[%emt 0:00:17]} 6. e4 {[%emt 0:00:11]} Nb6 {[%emt 0:00:18]} 7. Be3 {[%emt 0:00:09]} O-O {[%emt 0:00:31]} 8. Nf3 {[%emt 0:00:17]} Bg4 {[%emt 0:00:41]} 9. Nc5 {[%emt 0:00:56]} Nc6 {[%emt 0:01:32]} 10. Nxb7 {[%emt 0:01:07]} Qb8 {[%emt 0:00:11]} 11. Ba6 {[%emt 0:10:46]} Bxf3 {[%emt 0:01:09]} 12. gxf3 {[%emt 0:00:34]} Nb4 {[%emt 0:00:32]} 13. Nc5 {[%emt 0:05:32]} Bxd4 {[%emt 0:01:27]} 14. Bxd4 {[%emt 0:01:48]} Rd8 {[%emt 0:02:26]} 15. O-O {[%emt 0:02:38]} Nxa6 {[%emt 0:02:14]} 16. Nxa6 {[%emt 0:00:52]} Qc8 {[%emt 0:00:08]} 17. Qe2 {[%emt 0:01:41]} Rxd4 {[%emt 0:00:25]} 18. Rac1 {[%emt 0:01:08]} c6 {[%emt 0:06:11]} 19. Nc5 {[%emt 0:04:00]} Qh3 {[%emt 0:11:34]} 20. Nb3 {[%emt 0:05:10]} Rd6 {[%emt 0:02:04]} 21. e5 {[%emt 0:02:02]} Rd5 {[%emt 0:06:48]} 22. Rxc6 {[%emt 0:00:16]} Nd7 {[%emt 0:00:31]} 23. f4 {[%emt 0:07:06]} g5 {[%emt 0:01:10]} 24. Rc3 {[%emt 0:12:14]} Qf5 {[%emt 0:01:20]} 25. Qf3 {[%emt 0:01:27]} e6 {[%emt 0:01:42]} 26. fxg5 {[%emt 0:08:15]} Qxg5+ {[%emt 0:01:53]} 27. Kh1 {[%emt 0:02:39]} Nxe5 {[%emt 0:01:29]} 28. Qe4 {[%emt 0:01:43]} Ng6 {[%emt 0:00:55]} 29. Rg3 {[%emt 0:05:42]} Qf5 {[%emt 0:01:53]} 30. Qxf5 {[%emt 0:01:58]} Rxf5 {[%emt 0:00:05]} 31. Rc3 {[%emt 0:01:03]} Rd8 {[%emt 0:03:02]} 32. Rc5 {[%emt 0:03:55]} Rxc5 {[%emt 0:01:38]} 33. Nxc5 {[%emt 0:00:01]} Rd2 {[%emt 0:00:06]} 34. Na4 {[%emt 0:00:59]} Ne5 {[%emt 0:01:37]} 35. Kg2 {[%emt 0:02:09]} Nd3 {[%emt 0:00:53]} 36. Kf3 {[%emt 0:00:50]} Nxb2 {[%emt 0:00:14]} 37. Nxb2 {[%emt 0:00:10]} Rxb2 {[%emt 0:00:02]} 38. Ra1 {[%emt 0:00:06]} a5 {[%emt 0:00:46]} 39. a4 {[%emt 0:00:32]} Rb4 {[%emt 0:00:56]} 40. Ra3 {[%emt 0:00:52]} Kg7 {[%emt 0:01:37]} 41. Kg3 {[%emt 0:00:12]} Kg6 {[%emt 0:00:27]} 42. Kg2 {[%emt 0:01:33]} f5 {[%emt 0:03:28]} 43. Re3 {[%emt 0:02:14]} Kf6 {[%emt 0:00:05]} 44. Rh3 {[%emt 0:00:34]} Rxa4 {[%emt 0:03:37]} 45. Rxh7 {[%emt 0:00:04]} Rg4+ {[%emt 0:00:05]} 46. Kf3 {[%emt 0:00:55]} Rg7 {[%emt 0:00:02]} 47. Rh4 {[%emt 0:00:50]} Ra7 {[%emt 0:00:05]} 48. Ra4 {[%emt 0:00:06]} Ke5 {[%emt 0:00:31]} 49. h4 {[%emt 0:00:27]} Kf6 {[%emt 0:02:05]} 50. Ke3 {[%emt 0:00:25]} e5 {[%emt 0:00:03]} 51. Kf3 {[%emt 0:01:15]} Kg6 {[%emt 0:00:05]} 52. Kg3 {[%emt 0:00:31]} Ra6 {[%emt 0:06:50]} 53. Kf3 {[%emt 0:00:10]} Kh5 {[%emt 0:00:31]} 54. Ke3 {[%emt 0:00:56]} Kg6 {[%emt 0:12:33]} 55. Kf3 {[%emt 0:00:01]} Kf6 {[%emt 0:00:05]} 56. Ke3 {[%emt 0:00:57]} Ra8 {[%emt 0:00:27]} 57. Kf3 {[%emt 0:00:06]} Ke6 {[%emt 0:00:08]} 58. Ke3 {[%emt 0:00:41]} Kd5 {[%emt 0:01:05]} 59. Kd3 {[%emt 0:00:48]} e4+ {[%emt 0:03:42]} 60. Kc3 {[%emt 0:00:39]} Ke5 {[%emt 0:00:06]} 61. Kd2 {[%emt 0:00:25]} Kf4 {[%emt 0:00:07]} 62. Ke2 {[%emt 0:00:03]} Ra6 {[%emt 0:01:09]} 63. f3 {[%emt 0:00:59]} Re6 {[%emt 0:16:22]} 64. Rxa5 {[%emt 0:00:05]} exf3+ {[%emt 0:00:06]} 65. Kf2 {[%emt 0:00:23]} Re2+ {[%emt 0:00:18]} 66. Kf1 {[%emt 0:00:35]} Rh2 {[%emt 0:00:16]} 67. Ra8 {[%emt 0:00:59]} Rxh4 {[%emt 0:01:10]} 68. Kf2 {[%emt 0:00:26]} Rh2+ {[%emt 0:00:04]} 69. Kf1 {[%emt 0:00:04]} Rb2 {[%emt 0:00:05]} 70. Ra7 {[%emt 0:00:24]} Rd2 {[%emt 0:02:57]} 71. Ra8 {[%emt 0:00:39]} f2 {[%emt 0:01:17]} 72. Ra7 {[%emt 0:00:58]} Kg4 {[%emt 0:00:07]} 73. Ra8 {[%emt 0:00:19]} f4 {[%emt 0:00:12]} 74. Ra7 {[%emt 0:00:30]} Kg3 {[%emt 0:00:10]} 75. Ra3+ {[%emt 0:00:34]} Kg4 {[%emt 0:00:11]} 76. Ra8 {[%emt 0:00:26]} Rd1+ {[%emt 0:00:23]} 77. Kxf2 {[%emt 0:00:12]} Rd2+ {[%emt 0:00:03]} 78. Kf1 {[%emt 0:00:58]} Kg3 {[%emt 0:00:09]} 79. Ra1 {[%emt 0:00:33]} Rh2 {[%emt 0:00:18]} 80. Ra8 {[%emt 0:00:19]} Rh1+ {[%emt 0:00:09]} 81. Ke2 {[%emt 0:00:00]} f3+ {[%emt 0:00:10]} 82. Ke3 {[%emt 0:00:02]} Re1+ {[%emt 0:00:08]} 83. Kd2 {[%emt 0:00:00]} f2 {[%emt 0:00:07]} 0-1

[Event "NOR-ch Women 2020"]
[Site "Bergen"]
[Date "2020.02.29"]
[Round "3.2"]
[White "Skaslien, Ingrid"]
[Black "Johnsen, Sylvia"]
[Result "0-1"]
[WhiteElo "1847"]
[BlackElo "1862"]
[Annotator "NA"]
[PlyCount "56"]
[EventDate "2020.02.28"]
[EventType "swiss"]
[EventCountry "NOR"]
[SourceTitle "playchess.com"]
[Source "ChessBase"]
[SourceQuality "1"]
[TimeControl "5400+30"]

1. d4 {[%emt 0:00:00]} d5 {[%emt 0:01:18]} 2. c4 {[%emt 0:00:00]} e6 {[%emt 0:00:09]} 3. Nc3 {[%emt 0:00:03]} Bb4 {[%emt 0:00:10]} 4. e3 {[%emt 0:00:12]} Nf6 {[%emt 0:00:55]} 5. Bd2 {[%emt 0:00:51]} dxc4 {[%emt 0:01:20]} 6. Bxc4 {[%emt 0:00:14]} O-O {[%emt 0:00:20]} 7. Nge2 {[%emt 0:01:44]} b6 {[%emt 0:03:21]} 8. a3 {[%emt 0:01:29]} Bd6 {[%emt 0:00:33]} 9. O-O {[%emt 0:01:05]} e5 {[%emt 0:02:29]} 10. d5 $11 {[%emt 0:10:15]} (10. dxe5 $16 Bxe5 11. f4) 10... e4 {[%emt 0:02:10]} 11. Ng3 {[%emt 0:00:55]} Qe7 {[%emt 0:00:41]} 12. Qc2 {[%emt 0:00:31]} Bxg3 {[%emt 0:03:15]} 13. hxg3 {[%emt 0:01:06]} Ba6 {[%emt 0:01:32]} 14. Bxa6 {[%emt 0:06:20]} Nxa6 {[%emt 0:00:06]} 15. b4 {[%emt 0:02:11]} Rad8 {[%emt 0:05:33]} 16. Rac1 {[%emt 0:11:48]} Rfe8 {[%emt 0:12:06]} 17. Qa4 {[%emt 0:02:37]} Nb8 {[%emt 0:00:51]} 18. Qxa7 {[%emt 0:01:04]} Qe5 {[%emt 0:02:36]} 19. Rfd1 {[%emt 0:04:07]} Ng4 {[%emt 0:10:18]} 20. Ne2 {[%emt 0:02:56]} Qxd5 {[%emt 0:25:08]} 21. Qxc7 {[%emt 0:04:19]} Qh5 {[%emt 0:05:01]} 22. Qf4 {[%emt 0:05:51]} g5 {[%emt 0:02:50]} 23. Qf5 {[%emt 0:03:24]} Re5 {[%emt 0:01:35]} 24. Bc3 {[%emt 0:00:50]} Qh2+ {[%emt 0:04:38]} 25. Kf1 {[%emt 0:00:43]} Nxe3+ {[%emt 0:00:50]} 26. Ke1 {[%emt 0:02:01]} Nxg2+ {[%emt 0:01:00]} 27. Kf1 {[%emt 0:00:56]} Ne3+ {[%emt 0:00:26]} 28. Ke1 {[%emt 0:00:50]} Rxd1+ {[%emt 0:06:23]} 0-1